000
002940000a22000970004500
100
1
_a
Panoto, Alfredo
245
1
0
_a
¿Puede un ciego profundizar en el estudio de la Biblia? : "Ahora veo"
300
_a
Vol. 53, Núm 234 (1998), Páginas 20-22
773
0
_t
La Biblia de las Américas
942
_c
ANA
999
_c
51453
_d
51453